000 00445nam a2200181Ia 4500
001 5135
005 20260306145846.0
008 260306t2015||||xx |||||||||||||| ||spa||
041 _aESP
082 _a333.794
_bS23
100 _aSánchez Cano, Julieta Evangelina
_eAUT
245 0 _aEnergía, gobernanza y sostenibilidad
260 _c2015
300 _a362 páginas
_c21 cm.
650 _aGEN
654 _aCAN
942 _cLIB
_dJUS
_fJUS
_2ddc
_n
999 _c5135
_d5135